| 000 | 00350 a2200145 4500 | ||
|---|---|---|---|
| 001 | 59521 | ||
| 082 | _a621.3848 NAT | ||
| 090 |
_c36421 _d36421 |
||
| 100 | _aNathanson, fred E. | ||
| 245 | _aRadar design principles, 2/e | ||
| 250 | _a2 | ||
| 260 |
_aNY _bMcgraw Hill Books Co. _c1990 |
||
| 300 | _axiii, 720 | ||
| 500 | _aMS textbook Avionics | ||
| 942 |
_aNUST-CAE _k621.3848 NAT |
||
| 999 |
_c294594 _d294594 |
||